B-004 新宿区の町名 - Statistics

General Stats
  • This quiz has been taken 44 times
  • The average score is 31 of 95
Answers on the Map
Answers color-coded by a green-red scale on the quiz's map according to % correct below.
 
Answer Stats
Answer % Correct
新宿
97%
大久保
87%
西新宿
87%
歌舞伎町
79%
下落合
76%
四谷
74%
高田馬場
74%
中井
71%
神楽坂
68%
中落合
68%
北新宿
68%
若松町
61%
西早稲田
61%
上落合
61%
戸山
58%
河田町
55%
百人町
55%
信濃町
50%
西落合
50%
早稲田鶴巻町
42%
市谷本村町
39%
市谷柳町
39%
霞ヶ丘町
37%
市谷田町
37%
荒木町
34%
早稲田町
34%
市谷砂土原町
32%
山吹町
32%
富久町
32%
内藤町
29%
市谷加賀町
29%
戸塚町
29%
四谷坂町
26%
南元町
26%
市谷左内町
26%
市谷鷹匠町
26%
市谷八幡町
26%
南町
26%
北町
26%
新小川町
26%
神楽河岸
26%
市谷仲之町
26%
赤城下町
26%
榎町
26%
若葉
24%
大京町
24%
市谷甲良町
24%
揚場町
24%
津久戸町
24%
赤城元町
24%
下宮比町
24%
早稲田南町
24%
馬場下町
24%
水道町
24%
市谷台町
24%
四谷本塩町
21%
愛住町
21%
市谷長延寺町
21%
二十騎町
21%
南榎町
21%
納戸町
21%
矢来町
21%
中町
21%
箪笥町
21%
筑土八幡町
21%
市谷薬王寺町
21%
天神町
21%
築地町
21%
弁天町
21%
住吉町
21%
余丁町
21%
四谷三栄町
18%
須賀町
18%
左門町
18%
舟町
18%
市谷船河原町
18%
市谷山伏町
18%
白銀町
18%
若宮町
18%
岩戸町
18%
東榎町
18%
原町
18%
喜久井町
18%
改代町
18%
霞岳町
16%
片町
16%
細工町
16%
東五軒町
16%
西五軒町
16%
袋町
16%
払方町
16%
南山伏町
16%
北山伏町
16%
横寺町
16%
中里町
16%
No matching quizzes found
Score Distribution
Percent of People with Each Score
Percentile by Number Answered
Your Score History
You have not taken this quiz